| 000 | 00612nam a22002057a 4500 | ||
|---|---|---|---|
| 003 | 0 | ||
| 005 | 20250107123004.0 | ||
| 008 | 250107b xxu||||| |||| 00| 0 eng d | ||
| 020 | _a979-8-89161-215-0 | ||
| 050 |
_aP91.3 _b.W37 2024 |
||
| 100 | _aWarner, Alonso | ||
| 245 |
_aCommunication research methods _cAlonso Warner |
||
| 260 |
_aJersey City _bAlexis Press, LLC _cc2024 |
||
| 300 |
_aviii, 278 pages ; _c24cm. |
||
| 504 | _aIncludes bibliographical references and index. | ||
| 650 | _aCommunication--research. | ||
| 650 | _aResearch writing. | ||
| 650 | _aResearch guidelines. | ||
| 942 |
_2lcc _cBK |
||
| 999 |
_c366910 _d366910 |
||